Espetáculo (Registro n. 691)

Detalhes MARC
000 -LEADER
fixed length control field 00856nas a22002297a 4500
005 - DATE AND TIME OF LATEST TRANSACTION
control field 20260518113914.0
008 - FIXED-LENGTH DATA ELEMENTS--GENERAL INFORMATION
fixed length control field 260518b20082010porau|p|r|||| 10| z por d
040 ## - CATALOGING SOURCE
Transcribing agency BR-ViAPE
245 ## - TITLE STATEMENT
Title Espetáculo
260 ## - PUBLICATION, DISTRIBUTION, ETC.
Place of publication, distribution, etc. Vitória
Name of publisher, distributor, etc. LIESES - Liga Espírito-Santense das Escolas de Samba
Date of publication, distribution, etc. 2008-2010
300 ## - PHYSICAL DESCRIPTION
Extent v.
Other physical details il.
310 ## - CURRENT PUBLICATION FREQUENCY
Current publication frequency Anual
362 ## - DATES OF PUBLICATION AND/OR SEQUENTIAL DESIGNATION
Dates of publication and/or sequential designation n. 1 (2008) - n. 3 (2010).
500 ## - GENERAL NOTE
General note Disponibilizada apenas a imagem da capa na versão digital, em virtude de restrições de direitos autorais.
500 ## - GENERAL NOTE
General note Coleção incompleta: disponíveis apenas alguns números do periódico.
650 ## - SUBJECT ADDED ENTRY--TOPICAL TERM
Source of heading or term Carnaval
General subdivision Escolas de Samba
-- Desfile
651 ## - SUBJECT ADDED ENTRY--GEOGRAPHIC NAME
Geographic name Espírito Santo (Brasil)
Form subdivision Periódicos
700 ## - ADDED ENTRY--PERSONAL NAME
Personal name Oliveira, Jorge Carlos de
Relator term Diretor
710 ## - ADDED ENTRY--CORPORATE NAME
Corporate name or jurisdiction name as entry element LIESES - Liga Espírito-Santense das Escolas de Samba
942 ## - ADDED ENTRY ELEMENTS (KOHA)
Source of classification or shelving scheme Dewey Decimal Classification
Koha item type Periódicos
Suppress in OPAC Yes
Exemplares
Withdrawn status Lost status Source of classification or shelving scheme Damaged status Not for loan Home library Current library Date acquired Total checkouts Date last seen Price effective from Koha item type
    Dewey Decimal Classification     Hemeroteca Digital do Arquivo Público do Estado do Espírito Santo Hemeroteca Digital do Arquivo Público do Estado do Espírito Santo 05/18/2026   05/18/2026 05/18/2026 Periódicos